Online katalóg knižníc regiónu Turca

Ofélia sa učí plávať (Record no. 22398)

MARC details
000 -LEADER
fixed length control field 01115cam a2200349 a 4500
001 - CONTROL NUMBER
control field 22398
003 - CONTROL NUMBER IDENTIFIER
control field SK-KTurca
005 - DATE AND TIME OF LATEST TRANSACTION
control field 20260327151002.0
008 - FIXED-LENGTH DATA ELEMENTS--GENERAL INFORMATION
fixed length control field 240611s1995 xo gra 000 f slo
015 ## - NATIONAL BIBLIOGRAPHY NUMBER
National bibliography number SNBA1996/0601488
020 ## - INTERNATIONAL STANDARD BOOK NUMBER
International Standard Book Number 8085352222
Qualifying information (viaz.)
035 ## - SYSTEM CONTROL NUMBER
System control number SNK000097710
035 ## - SYSTEM CONTROL NUMBER
System control number urn:nbn:sk:snk-amk56n
035 ## - SYSTEM CONTROL NUMBER
System control number urn:nbn:sk:snk-am004zr4
035 ## - SYSTEM CONTROL NUMBER
System control number F5110684-C59C-4457-ACCD-DAAB817FCC8D
040 ## - CATALOGING SOURCE
Original cataloging agency SNK
Language of cataloging slo
Transcribing agency SNK
Description conventions AACR2
041 1# - LANGUAGE CODE
Language code of text/sound track or separate title slo
Language code of original ger
044 ## - COUNTRY OF PUBLISHING/PRODUCING ENTITY CODE
MARC country code xo
ISO country code SK
080 ## - UNIVERSAL DECIMAL CLASSIFICATION NUMBER
Universal Decimal Classification number 830 (436)-3
Edition identifier 1981
100 1# - MAIN ENTRY--PERSONAL NAME
Personal name Kubelka, Susanna,
Dates associated with a name 1942-2024
Relationship aut
240 10 - UNIFORM TITLE
Uniform title Ophelia lernt schwimmen
Language of a work Slovensky
245 10 - TITLE STATEMENT
Title Ofélia sa učí plávať
Statement of responsibility, etc. Susanna Kubelka ; z nemeckého originálu Ophelia lernt schwimmen ... preložil Milan Žarnovický
250 ## - EDITION STATEMENT
Edition statement 1. vyd.
260 ## - PUBLICATION, DISTRIBUTION, ETC.
Place of publication, distribution, etc. Bratislava
Name of publisher, distributor, etc. Remedium
Date of publication, distribution, etc. 1995
300 ## - PHYSICAL DESCRIPTION
Extent 271 s.
Dimensions 21 cm
655 #7 - INDEX TERM--GENRE/FORM
Genre/form data or focus term rakúske romány
Source of term SNKPH
700 1# - ADDED ENTRY--PERSONAL NAME
Personal name Žarnovický, Milan,
Dates associated with a name 1941-2018
Relationship trl
911 ## - EQUIVALENCE OR CROSS-REFERENCE-CONFERENCE OR MEETING NAME [LOCAL, CANADA]
Meeting name or jurisdiction name as entry element KN 1996/06
Number [OBSOLETE] 01488
942 ## - ADDED ENTRY ELEMENTS (KOHA)
Source of classification or shelving scheme Dewey Decimal Classification
Koha item type Krásna literatúra pre dospelých
Suppress in OPAC No
Holdings
Stav vyradenia Strata Poškodenie Spôsob nadobudnutia Domovská knižnica Aktuálna knižnica Dátum nadobudnutia Total checkouts Čiarový kód exemplára Date last seen Typ exemplára
      Dar Obecná knižnica Horná Štubňa Obecná knižnica Horná Štubňa 27.03.2026   9788085352221 27.03.2026 Krásna literatúra pre dospelých
Projekt je podporený Slovenskou asociáciou knižníc
Prevádzkuje Turčianska knižnica Martin 2026